Loading...

Mulla on the transfer of property Act,1882

Bibliographic Details
Main Author: Mulla
Language:English
LEADER 00351nam a22001097a 4500
003 OSt
008 090810t xxu||||| |||| 00| 0 eng d
080 |a 347.239094.5)  |b MUL'66 
100 |a Mulla  |9 4655 
245 |a Mulla on the transfer of property Act,1882  |c Edited by Motilal Chimanlal Setalvad  |c Edited by Motilal Chimanlal Setalvad 
942 |c BACT  |6 _ 
999 |c 122536  |d 122536